Every Harry Potter Book - Every Chapter - Statistics

General Stats
  • This quiz has been taken 12 times
  • The average score is 80 of 199
Answer Stats
Chapter Title % Correct
1 The Boy Who Lived
73%
10 Hallowe'en
64%
13 Nicolas Flamel
64%
11 Quidditch
64%
3 The Burrow
64%
16 The Chamber of Secrets
64%
3 The Letters from No One
64%
4 At Flourish and Blotts
55%
5 Diagon Alley
55%
1 Dudley Demented
55%
16 Godric's Hollow
55%
2 In Memoriam
55%
22 The Deathly Hallows
55%
5 The Dementor
55%
3 The Dursleys Departing
55%
20 The First Task
55%
4 The Keeper of the Keys
55%
3 The Knight Bus
55%
4 The Leaky Cauldron
55%
17 The Man with Two Faces
55%
1 The Other Minister
55%
15 The Quidditch Final
55%
1 The Riddle House
55%
2 The Scar
55%
26 The Second Task
55%
4 The Seven Potters
55%
31 The Third task
55%
2 The Vanishing Glass
55%
1 The Worst Birthday
55%
2 A Peck of Owls
45%
15 Aragog
45%
2 Aunt Marge's Big Mistake
45%
7 Bagman and Crouch
45%
15 Beauxbatons and Durmstrang
45%
17 Cat, Rat, and Dog
45%
18 Dobby's Reward
45%
2 Dobby's Warning
45%
18 Dumbledore's Army
45%
30 Grawp
45%
13 Gryffindor versus Ravenclaw
45%
21 Hermione's Secret
45%
4 Horace Slughorn
45%
23 Horcruxes
45%
35 King's Cross
45%
10 Luna Lovegood
45%
13 Mad-Eye Moody
45%
18 Moony, Wormtail, Padfoot, and Prongs
45%
14 Norbert the Norwegian Ridgeback
45%
24 Occlumency
45%
1 Owl Post
45%
31 O.W.L.s
45%
34 Priori Incantatem
45%
24 Sectumsempra
45%
2 Spinner's End
45%
3 The Advance guard
45%
37 The Beginning
45%
26 The Cave
45%
1 The Dark Lord Ascending
45%
33 The Death Eaters
45%
20 The Dementors' Kiss
45%
34 The Department of Mysteries
45%
25 The Egg and the Eye
45%
32 The Elder Wand
45%
21 The Eye of the Snake
45%
36 The Flaw in the Plan
45%
17 The Four Champions
45%
16 The Goblet of Fire
45%
9 The Half-Blood Prince
45%
17 The Heir of Slytherin
45%
3 The Invitation
45%
6 The Journey from Platform Nine and Three Quarters
45%
29 The Lost Diadem
45%
37 The Lost Prophecy
45%
9 The Midnight Duel
45%
7 The Ministry of Magic
45%
12 The Mirror of Erised
45%
5 The Order of the Phoenix
45%
8 The Potions Master
45%
33 The Prince's tale
45%
8 The Quidditch World Cup
45%
7 The Sorting Hat
45%
14 The Thief
45%
12 The Triwizard Tournament
45%
8 The Wedding
45%
23 The Yule Ball
45%
20 Xenophilius Lovegood
45%
5 An Excess of Phlegm
36%
9 A Place to Hide
36%
16 A Very Frosty Christmas
36%
17 Bathilda's Secret
36%
35 Beyond the Veil
36%
18 Birthday Surprises
36%
29 Career Advice
36%
14 Cornelius Fudge
36%
13 Detention with Dolores
36%
6 Draco's Detour
36%
17 Educational Decree Number Twenty Four
36%
19 Elf Tails
36%
5 Fallen Warrior
36%
14 Felix Felicis
36%
33 Fight and Flight
36%
32 Flesh, Blood, and Bone
36%
28 Flight of the Prince
36%
6 Gilderoy Lockhart
36%
26 Gringotts
36%
20 Hagrid's Tale
36%
11 Hermione's Helping Hand
36%
16 In the Hog's Head
36%
10 Kreacher's Tale
36%
12 Magic is Might
36%
23 Malfoy Manor
36%
7 Mudbloods and Murmurs
36%
Epilogue Nineteen Years Later
36%
4 Number Twelve, Grimmauld Place
36%
22 Owl Post Again
36%
12 Polyjuice Potion
36%
12 Professor Umbridge
36%
24 Rita Skeeter's Scoop
36%
25 Shell Cottage
36%
28 Snape's Worst Memory
36%
22 St Mungo's Hospital for Magical Maladies and Injuries
36%
6 Talons and Tea Leaves
36%
25 The Beetle at Bay
36%
7 The Boggart in the Wardrobe
36%
11 The Bribe
36%
9 The Dark Mark
36%
29 The Dream
36%
11 The Duelling Club
36%
27 The Final Hiding Place
36%
11 The Firebolt
36%
15 The Forbidden Forest
36%
34 The Forest Again
36%
8 The Hearing
36%
15 The Hogwarts High Inquisitor
36%
21 The House-Elf Liberation Front
36%
10 The House of Gaunt
36%
19 The Hungarian Horntail
36%
18 The Life and Lies of Albus Dumbledore
36%
27 The Lightning-Struck tower
36%
10 The Marauder's map
36%
28 The Missing Mirror
36%
13 The Muggle-Born Registration Commission
36%
6 The Noble and Most Ancient House of Black
36%
36 The Only One He Ever Feared
36%
36 The Parting of the Ways
36%
12 The Patronus
36%
30 The Pensieve
36%
29 The Phoenix Lament
36%
6 The Portkey
36%
10 The Rogue Bludger
36%
38 The Second War Begins
36%
25 The Seer Overheard
36%
19 The Servant of Lord Voldemort
36%
7 The Slug Club
36%
11 The Sorting Hat's New Song
36%
21 The Tale of the Three Brothers
36%
15 The Unbreakable Vow
36%
13 The Very Secret Diary
36%
24 The Wandmaker
36%
18 The Weighing of the Wands
36%
30 The White Tomb
36%
5 The Whomping Willow
36%
7 The Will of Albus Dumbledore
36%
9 The Woes of Mrs Weasley
36%
9 The Writing on the Wall
36%
16 Through the Trapdoor
36%
35 Veritaserum
36%
5 Weasley's Wizard Wheezes
36%
3 Will and Won't
36%
11 Aboard the Hogwarts Express
27%
22 After the Burial
27%
17 A Sluggish Memory
27%
23 Christmas on the Closed Ward
27%
9 Grim Defeat
27%
20 Lord Voldemort's Request
27%
10 Mayhem at the Ministry
27%
32 Out of the Fire
27%
14 Percy and Padfoot
27%
16 Professor Trelawney's Prediction
27%
26 Seen and Unforseen
27%
12 Silver and Opals
27%
14 Snape's Grudge
27%
31 The Battle of Hogwarts
27%
27 The Centaur and the Sneak
27%
8 The Deathday Party
27%
8 The Flight of the Fat Lady
27%
6 The Ghoul in Pyjamas
27%
15 The Goblin's Revenge
27%
19 The Lion and the Serpent
27%
28 The Madness of Mr Crouch
27%
30 The Sacking of Severus Snape
27%
13 The Secret Riddle
27%
19 The Silver Doe
27%
22 The Unexpected Task
27%
21 The Unknowable Room
27%
8 Snape Victorious
18%
14 The Unforgiveable Curses
18%
4 Back at the Burrow
9%
27 Padfoot's Return
0%
No matching quizzes found
Score Distribution
Percent of People with Each Score
Percentile by Number Answered
Your Score History
You have not taken this quiz